000 00486nam a22001457a 4500
005 20260420120317.0
008 260420b |||||||| |||| 00| 0 eng d
050 _aRES HD 5660 .K46 088 2017
_bC.1
100 _aOSUMBA, VIOLET AWUOR
245 _aAN EVALUATION OF THE EFFECTS OF EMPLOYEES IN DECISION MAKING PROCESS IN PUBLIC ENTITIES: A CASE OF KISII COUNTY ASSEMBLEY.
260 _aKISII
_bKSU
_c2017
300 _aiX, 38P., ILL
500 _aINCLUDES REFERENCES
942 _2lcc
_cREF
999 _c217018
_d217018